Prônes de messire Claude Joli, Evêque et Comte d'Agen, pour tous les dimanches de l'année

Detalles Bibliográficos
Autor principal: Recio, Clemente
Formato: Libro
Lenguaje:Undetermined
French
Publicado: a Paris : s.n., 1734.
Edición:Nouvelle edition
Materias:
Colección:Banco de datos
Acervo:Biblioteca Palafoxiana. Colección bibliográfica
Descripción Física:t. ; 4°
Tema general:Homilética
Notas:Número de localización: t.1 (16748) ; t.2 (16749) ; t.3 (16750) ; t.4 (16751)
LEADER 00614nam a2200181Ia 4500
008 150723s9999 xx 000 0 und d
041 0 |a fre 
050 0 |a PAFX BV4207 R4 
100 1 |a Recio, Clemente 
245 1 0 |a Prônes de messire Claude Joli, Evêque et Comte d'Agen, pour tous les dimanches de l'année 
250 |a Nouvelle edition 
260 |a a Paris : s.n., 1734. 
300 |a t. ; 4° 
500 |a Número de localización: t.1 (16748) ; t.2 (16749) ; t.3 (16750) ; t.4 (16751) 
650 1 0 |a Homilética 
942 |c PALALIB 
943 |g Biblioteca Palafoxiana. Colección bibliográfica 
999 |c 1054300  |d 1054300